000 01102nam a2200277 i 4500
003 CO-ViMGA
005 20230915224424.0
008 201201s2020 ck a cr 000 fdspa d
020 _a9789582013707
040 _aCO-ViMGA
_bspa
_cCO-ViMGA
084 _aN GON10
100 1 _aGonzalez Garci­a, Ivan Antonio
_d1962-
_eautor
_9161571
245 1 1 _a¡Benkos!
_bheroe de la Matuna /
_cIvan Gonzalez Garcia ; ilustraciones por Federico Neira
250 _aEdicion especial
260 _aBogota :
_bMagisterio,
_c2020
300 _a166 paginas
_bilustraciones
_c20 cm
490 0 _aPlan Nacional de Lectura y Escritura Leer es mi Cuento / Ministerio de Cultura
600 _aBioho, Benkos
_d1526-1619
_vNovela
_9161572
650 1 7 _2LEMB
_aAutores colombianos
_ySiglo XX
_93714
650 1 7 _2LEMB
_aEsclavitud en Colombia
_xHistoria
_vNovela
_9161351
650 1 7 _2LEMB
_aLiteratura juvenil colombiana
_ySiglo XX
_910133
650 1 7 _2LEMB
_aNovela juvenil colombiana
_ySiglo XX
_917743
650 1 7 _2LEMB
_aTrata de esclavos
_vNovela
_9160878
700 1 _aNeira, Federico
_eilustrador
_9161573
942 _2ddc
_cBK
999 _c9030
_d9030